000 00414nam a2200157Ia 4500
008 210716s2014 xx 000 0 und d
020 _a9780198703105
041 _aeng
082 _a658.46 OMAJ
100 _aOMahoney, Joe;Markham, Calvert.
245 _aManagement consultancy.
250 _a2
260 _aNew Delhi
_bOxford University Press
_c2014
300 _axiii,391
650 _aExecutive Mgmt(658.4)
999 _c209019
_d209019